Normal view
MARC view
- Gortner, Harold F.
Entry Personal Name
001 - CONTROL NUMBER
- control field: 105407
003 - CONTROL NUMBER IDENTIFIER
- control field: NUST
005 - DATE AND TIME OF LATEST TRANSACTION
- control field: 20221220165026.0
008 - FIXED-LENGTH DATA ELEMENTS
- fixed length control field: 221220|| aca||aabn | a|a d
040 ## - CATALOGING SOURCE
- Original cataloging agency: NUST
- Transcribing agency: NUST
100 ## - HEADING--PERSONAL NAME
- Personal name: Gortner, Harold F.
670 ## - SOURCE DATA FOUND
- Source citation: Work cat.: (NUST)184750: Gortner, Harold F.,, Administration in the public sector /, c1977.
